Pectin degradation during root decay of rubber trees by Rigidoporus lignosus (Record no. 64661)

MARC details
000 -LEADER
fixed length control field 00477nam a2200169Ia 4500
100 ## - MAIN ENTRY--AUTHOR NAME
Personal name Nicole Michael R
245 #0 - TITLE STATEMENT
Title Pectin degradation during root decay of rubber trees by Rigidoporus lignosus
260 ## - PUBLICATION, DISTRIBUTION, ETC. (IMPRINT)
Name of publisher Canadian Journal of Botany
Year of publication 1993
300 ## - PHYSICAL DESCRIPTION
Number of Pages 370-378
500 ## - GENERAL NOTE
General note Source Year: 1993
650 ## - SUBJECT ADDED ENTRY--TOPICAL TERM
Topical Term Rigidoporus lignosus
650 ## - SUBJECT ADDED ENTRY--TOPICAL TERM
Topical Term Rubber trees
700 ## - ADDED ENTRY--PERSONAL NAME
Personal name Nicole Benhamou
856 ## - ELECTRONIC LOCATION AND ACCESS
Uniform Resource Identifier BA
942 ## - ADDED ENTRY ELEMENTS (KOHA)
Koha item type Journals
Holdings
Withdrawn status Lost status Damaged status Not for loan Home library Current library Shelving location Date acquired Serial Enumeration / chronology Koha item type
      Journals RRII Library RRII Library Pathology 17/12/2021 Volume 71, Issue 3 Journals